000 00788cam a2200241 4500
008 090401t1984 xxu||||| |||| 00| 0 eng d
020 _a0117517631
035 _a(Sirsi) u8843
041 _aeng
110 _aUnited Kingdom
_bDepartment of the Environment
_9982
245 _aHousing Defects Act 1984: assistance for eligible private owners of prefabricated reinforced concrete houses designed before 1960.
260 _aLondon
_bHMSO
_c1984
300 _a39p. : ill. ; 25cm.
350 _a3.45
490 _aDoE Circular
_v28/84 7 November 1984
650 _aHOUSING DEFECTS ACT 1984
650 _aPRC HOUSES
650 _aPREFABRICATED REINFORCED CONCRETE HOUSES
690 _aHOUSING
710 _aUnited Kingdom
_bWelsh Office
_91214
942 _n0
948 _c04/03/1997
999 _c86568
_d86568